[Event "Jose de Freitas op 7th"]
[Site "Jose de Freitas"]
[Date "2024.07.13"]
[Round "3"]
[White "Da Silva, Wesley Rodrigo Ribe"]
[Black "Dos Santos, Francisco Jose Barb"]
[Result "1-0"]
[WhiteElo "1819"]
[BlackElo "1800"]
[PlyCount "77"]
[EventDate "2024.07.13"]
[EventType "swiss"]
[EventRounds "5"]
[EventCountry "BRA"]
[SourceTitle "CBM 221 Extra"]
[Source "ChessBase"]
[SourceDate "2024.09.30"]
[SourceVersion "1"]
[SourceVersionDate "2024.09.30"]
[SourceQuality "1"]

1. e4 c5 2. Nf3 g6 3. d4 cxd4 4. Nxd4 Bg7 5. Nc3 e6 6. Bc4 Ne7 7. Bb3 0-0 8. 0-0 Nbc6 9. Be3 b6 10. Ncb5 d5 11. exd5 exd5 12. Nxc6 Nxc6 13. Nd4 Nxd4 14. Bxd4 Bh6 15. c3 Bb7 16. Qf3 Qd6 17. Rae1 Ba6 18. Bxd5 Rad8 19. c4 Bxc4 20. Bxc4 Qxd4 21. b3 Bg7 22. Re7 Rd6 23. Re4 Qc5 24. a4 h6 25. Rfe1 Rfd8 26. g3 Qc7 27. Re8+ Bf8 28. Qe4 Kg7 29. Rxd8 Rxd8 30. h4 Bc5 31. Re2 Rd4 32. Qf3 Qd7 33. Kg2 Rd6 34. Bb5 Qd8 35. Re8 Qc7 36. Qa8 h5 37. Rg8+ Kf6 38. Qf3+ Ke5 39. Re8+ 1-0

[Event "Jose de Freitas op 7th"]
[Site "Jose de Freitas"]
[Date "2024.07.13"]
[Round "1"]
[White "Sales, Luis Carlos"]
[Black "Dos Santos, Francisco Jose Barb"]
[Result "1-0"]
[WhiteElo "1841"]
[BlackElo "1800"]
[PlyCount "47"]
[EventDate "2024.07.13"]
[EventType "swiss"]
[EventRounds "5"]
[EventCountry "BRA"]
[SourceTitle "CBM 221 Extra"]
[Source "ChessBase"]
[SourceDate "2024.09.30"]
[SourceVersion "1"]
[SourceVersionDate "2024.09.30"]
[SourceQuality "1"]

1. d4 Nf6 2. Nf3 d5 3. Bg5 g6 4. Bxf6 exf6 5. e3 Bg7 6. Nbd2 0-0 7. Be2 Be6 8. 0-0 Nd7 9. a3 b6 10. Ne1 Rc8 11. Ba6 Rb8 12. Nd3 c5 13. c3 c4 14. Nb4 Qc7 15. Bb5 Rbd8 16. e4 Nb8 17. exd5 Bxd5 18. Nxd5 Rxd5 19. Bxc4 Rdd8 20. Re1 f5 21. Ba2 Kh8 22. Nf3 Nc6 23. Ng5 f6 24. Ne6 1-0